000 00754aam a2200289 i 4500
001 768714001
003 CO-MdFUSB
005 20251021142004.0
007 ta
008 251021t1945 -us |||| |||| 00| 0 eng d
040 _cCO-MdFUSB
041 0 _aspa
082 0 4 _223
_a252
_bJ762g
100 1 _aJones, Russell Bradley (1894-)
_eautor
245 1 0 _aGold from Golgotha
_c/ Rusell Bradley Jones
264 1 _bMoody Press,
_aChicago, ILL., USA :
_c[1945]
264 4 _c©1945
300 _a96 páginas
336 _atexto
_btxt
_2rdacontent
337 _2rdamedia
_asin mediación
_bn
338 _2rdacarrier
_avolumen
_bnc
563 _aPasta dura
650 7 _aSermones
_9283
942 _cBK
945 _aJTF-925
999 _c36457
_d36457